Statistics for Highest Rated Madden 23 Players

Click here to take the quiz!

General Stats

  • This quiz has been taken 410 times
  • The average score is 19 of 39

Answer Stats

HintAnswer% Correct
98 TETravis Kelce
93%
99 DTAaron Donald
91%
96 QBPatrick Mahomes
90%
99 WRDavante Adams
88%
97 WRTyreek Hill
83%
99 OTTrent Williams
80%
97 QBTom Brady
78%
94 WRJustin Jefferson
75%
97 TEGeorge Kittle
74%
97 CBJalen Ramsey
73%
93 QBJosh Allen
72%
98 WRCooper Kupp
71%
96 RBDerrick Henry
71%
99 DEMyles Garrett
71%
95 QBAaron Rodgers
61%
97 RBNick Chubb
60%
98 OGZack Martin
60%
96 WRStefon Diggs
54%
95 RBChristian McCaffrey
53%
97 OLBT.J. Watt
52%
93 TEMark Andrews
46%
95 WRDeAndre Hopkins
44%
94 DENick Bosa
41%
95 OGQuenton Nelson
41%
95 RBJonathan Taylor
40%
94 LBFred Warner
33%
95 OTTyron Smith
32%
94 RBDalvin Cook
31%
94 CBJaire Alexander
29%
93 SDerwin James
26%
93 WRMike Evans
22%
93 RBJoe Mixon
18%
93 CBTre'Davious White
17%
94 STyrann Mathieu
14%
93 OTTerron Armstead
13%
93 NTVita Vea
12%
94 OTDavid Bakhtiari
8%
93 DECameron Heyward
7%
93 LBDemario Davis
7%

Score Distribution

Percentile by Number Answered

Percent of People with Each Score

Your Score History

You have not taken this quiz